[Event "IECG CM.1999.0.00081"]
[Site "IECG email"]
[Date "1999.??.??"]
[Round "?"]
[White "Shaley, Alex"]
[Black "Fiala, Jaroslav"]
[Result "1/2-1/2"]
[WhiteElo "2458"]
[BlackElo "2250"]
[PlyCount "37"]
[EventDate "1999.06.18"]
[EventType "tourn (corr)"]
[EventRounds "6"]
[SourceTitle "Corr 2008"]
[Source "ChessBase"]
[SourceDate "2008.06.24"]
[SourceVersion "1"]
[SourceVersionDate "2008.06.24"]
[SourceQuality "1"]

1. e4 e6 2. d4 d5 3. Nd2 Nf6 4. e5 Nfd7 5. Bd3 c5 6. c3 Nc6 7. Ne2 cxd4 8. cxd4 f6 9. exf6 Nxf6 10. Nf3 Bd6 11. 0-0 Qc7 12. Bg5 0-0 13. Rc1 Nh5 14. Qc2 h6 15. Bh7+ Kh8 16. Bg6 Nf4 17. Bxf4 Bxf4 18. Nxf4 Qxf4 19. Rcd1 1/2-1/2

[Event "IECG CM.1999.0.00081"]
[Site "IECG email"]
[Date "1999.??.??"]
[Round "?"]
[White "Shaley, Alex"]
[Black "Johansen, John Martin"]
[Result "1/2-1/2"]
[WhiteElo "2458"]
[BlackElo "2351"]
[PlyCount "67"]
[EventDate "1999.06.18"]
[EventType "tourn (corr)"]
[EventRounds "6"]
[SourceTitle "Corr 2008"]
[Source "ChessBase"]
[SourceDate "2008.06.24"]
[SourceVersion "1"]
[SourceVersionDate "2008.06.24"]
[SourceQuality "1"]

1. e4 e5 2. Nf3 Nc6 3. Bb5 a6 4. Ba4 Nf6 5. 0-0 Be7 6. Re1 b5 7. Bb3 d6 8. c3 0-0 9. h3 Na5 10. Bc2 c5 11. d4 Bb7 12. Nbd2 Qc7 13. Nf1 cxd4 14. cxd4 Rac8 15. Re2 exd4 16. Nxd4 Rfe8 17. Ng3 g6 18. Bf4 Nc4 19. b3 Ne5 20. Rc1 d5 21. Bg5 Qd6 22. Qe1 dxe4 23. Bxf6 Qxf6 24. Bxe4 Rcd8 25. Qc3 Rxd4 26. Qxd4 Nf3+ 27. Bxf3 Qxd4 28. Bxb7 Qb6 29. Bf3 b4 30. Rce1 Qd6 31. Ne4 Qd4 32. Nd2 Rb8 33. Rxe7 Qxd2 34. R7e2 1/2-1/2

[Event "IECG email"]
[Site "IECG email"]
[Date "1999.??.??"]
[Round "?"]
[White "Shaley, Alex"]
[Black "Oortwijn, Ron"]
[Result "0-1"]
[WhiteElo "2458"]
[BlackElo "2280"]
[PlyCount "73"]
[EventDate "1999.12.04"]
[EventType "tourn (corr)"]
[EventRounds "6"]
[SourceTitle "Corr 2024"]
[Source "ChessBase"]
[SourceDate "2023.10.19"]
[SourceVersion "1"]
[SourceVersionDate "2023.10.19"]
[SourceQuality "1"]

1. e4 c5 2. Nf3 d6 3. d4 cxd4 4. Nxd4 Nf6 5. Nc3 a6 6. Bg5 e6 7. f4 Qb6 8. Nb3 Be7 9. Qf3 Nbd7 10. 0-0-0 Qc7 11. Bd3 b5 12. a3 Bb7 13. Qe2 Nc5 14. Nxc5 Qxc5 15. e5 dxe5 16. fxe5 Nd5 17. Bxe7 Qxe7 18. Ne4 0-0 19. Qh5 g6 20. Qh6 f5 21. Nd6 Bc6 22. Be2 Qg7 23. Qxg7+ Kxg7 24. Bf3 Ra7 25. Rhf1 Ne7 26. Kb1 Rc7 27. Bxc6 Rxc6 28. Rc1 Nc8 29. Nb7 Rc7 30. Na5 Rc5 31. Rfe1 Nb6 32. Rcd1 Rd5 33. Nc6 f4 34. Nb4 Rxd1+ 35. Rxd1 Nc4 36. Nxa6 Rf5 37. Rd4 0-1